MARC

LEADER 00000nam0a2200000 4500
001 260716
005 20231101233513.0
035 |a (RuTPU)RU\TPU\book\283686 
090 |a 260716 
100 |a 20140517d1987 km y0rusy50 ca 
101 0 |a rus 
102 |a RU 
105 |a y z 001zy 
200 1 |a Формирование мировоззрения студентов средствами искусства  |f Т. В. Шуртакова 
210 |a Казань  |c Изд-во Казанского ун-та  |d 1987 
215 |a 109 с. 
320 |a Библиогр.: с. 104-108. 
606 1 |a Эстетическое воспитание в высшей школе  |2 stltpush  |3 (RuTPU)RU\TPU\subj\21448  |9 46444 
610 1 |a студенты 
610 1 |a мировоззрение 
610 1 |a вузы 
610 1 |a формирование 
610 1 |a эстетическое сознание 
610 1 |a искусство 
610 1 |a художественные образы 
686 |a Ч481.355  |v LBC/SL-A  |2 rubbk 
700 1 |a Шуртакова  |b Т. В.  |g Тамара Васильевна 
801 1 |a RU  |b 63413507  |c 20140517 
801 2 |a RU  |b 63413507  |c 20150326  |g RCR 
942 |c BK